000 00212nam a22000857a 4500
008 170119b xxu||||| |||| 00| 0 eng d
100 _92500
_aCarrasco.L.E.
245 _aEnglish Grammar
260 _aNew Delhi
_bG.L.
_c2003
999 _c5567
_d5567